| 000 | 00591nam a2200181Ia 4500 | ||
|---|---|---|---|
| 008 | 090123s9999 xx 000 0 und d | ||
| 082 | _b34743 | ||
| 100 | _aचौधरी बहिणाबाई | ||
| 245 | _aबहिणाईची गाणी | ||
| 250 | _a8 | ||
| 260 |
_bसुचित्रा प्रकाशन _c2002 |
||
| 300 | _a113 | ||
| 600 | _aचौधरी बहिणाबाई | ||
| 630 | _aबहिणाईची गाणी | ||
| 700 | _aचौधरी बहिणाबाई | ||
| 730 | _aबहिणाईची गाणी | ||
| 942 | _cBOOK | ||
| 999 |
_c72800 _d72800 |
||